Raaz-E-Muhabbat (Record no. 3626)

MARC details
000 -LEADER
fixed length control field 00583nam a2200241 a 4500
020 ## - INTERNATIONAL STANDARD BOOK NUMBER
ISBN
082 00 - DEWEY DECIMAL CLASSIFICATION NUMBER
Classification number 891.45
Author Cutter REH
100 ## - MAIN ENTRY--AUTHOR NAME
Author name Rehani, Lucknawi
245 ## - TITLE STATEMENT
Title Raaz-E-Muhabbat
260 ## - PUBLICATION, DISTRIBUTION, ETC. (IMPRINT)
Place of publication Hyderabad
Name of publisher Henry Martyn Institute
Year of publication 1970
300 ## - PHYSICAL DESCRIPTION
Number of Pages 112p
500 ## - GENERAL NOTE
General note includes index and biblioraphy
505 2# - FORMATTED CONTENTS NOTE
Formatted contents note Index
650 ## - SUBJECT ADDED ENTRY--TOPICAL TERM
Topical Term Religious Poetry-Christianity
942 ## - ADDED ENTRY ELEMENTS (KOHA)
Koha item type Books
700 1# -
-- Rehani, Lucknawi
Holdings
Collection code Home library Current library Date acquired Cost, normal purchase price Full call number Accession Number Koha item type
  Henry Martyn Institute Library Henry Martyn Institute Library 06/01/2007 1.00 891.45 REH 07343 Books
                   Copyright © 2026 | Henry Martyn Institute | Hyderabad | TS-500052 | INDIA | Implemented by hmi.edu.in
Hit-Count:

Powered by Koha